000 00531nam a2200181Ia 4500
005 20250326143204.0
008 250326s9999 xx 000 0 und d
037 _aTextbook
040 _aFMSL
_beng
_cFMSL
041 _aeng
_2eng
084 _aXobB28 P0
_qFMSL
100 _aPatterson K
_9746999
245 0 _aIntroduction to applied econometrics : a time series approach
_cPatterson K
260 _aNew York
_bNew York, Palgrave
_c2000
300 _a795p
942 _cTB
_hXobB28 P0
999 _c1298514
_d1298514